| 000 | 00830nam a2200277Ia 4500 | ||
|---|---|---|---|
| 003 | OSt | ||
| 005 | 20221005072956.0 | ||
| 006 | a|||||r|||| 00| 0 | ||
| 007 | ta | ||
| 008 | 221004b |||||||| |||| 00| 0 eng d | ||
| 020 |
_a8172160917 (hbk) _c2990 |
||
| 024 | _a10323 | ||
| 037 |
_b6871, 11/03/2014, Friends Publications (India) _cTextual |
||
| 040 |
_aCRL _cCRL _beng |
||
| 041 |
_2eng _aeng |
||
| 082 | _aS:34:86, P4.1-.2 | ||
| 100 | _aHusain Akbar | ||
| 245 | 0 | _aStress Behaviour | |
| 260 |
_aNew Delhi _bFriends Publications _c2004 |
||
| 300 |
_a319p. _ccm. |
||
| 490 | _vVol.1 | ||
| 650 | _aPSYCHOLOGY | ||
| 700 |
_a Rashid Tabassum _9607610 |
||
| 942 |
_hS:34:86, P4.1-.2 _cTEXL _2cc |
||
| 999 |
_c980334 _d980334 |
||